000 00824cam a22002777a 4500
003 CHAP
005 20220329135729.0
008 971013s1972 r 00010 d
010 _a41206
011 _a42178
035 _a46305
040 _cCHAP
082 _a511.3
_bE5
100 0 0 _aEnderton, Herbert B.
_936868
245 1 2 _aA mathematical introduction to logic
260 _aNew York :
_bAcademic Press,
_c1972
300 _a295 p.
590 _aBATCH-UPD
_b10
_c20130110
_lUCH01
_h2203
590 _aBATCH-UPD
_b10
_c20130410
_lUCH01
_h1509
590 _aBATCH-UPD
_b10
_c20130914
_lUCH01
_h1706
590 _aCONVERSION
_b10
_c20130109
_lUCH01
_h1323
650 1 4 _aLógica simbólica y matemática.
_967614
901 _aBK
942 _cLIBRO
949 _a511.3 E5
_bBC
_cLIBRO
_d33724000413662
_eLIBRO
_h34794
_i46305
_si
999 _c41206
_d41206